000 00946nam a2200229Ia 4500
999 _c5742
_d5742
003 OSt
005 20200413121742.0
008 191128s1993 ck gr 000 0 spa d
040 _aCO-JMCR
_cCO-JMCR
041 1 _aspa
082 0 4 _a301.633 /
_bE74v
100 1 _aEscobar Vélez, Edgar Guillermo,
_eautor
_92932
245 1 3 _aLa violencia y el problema agrario /
_cEdgar Guillermo Escobar Vélez
250 _aPrimera edición
260 _aMedellín :
_bConcejo de Medellín,
_c1993
300 _a272 páginas ;
_c20 cm.
490 0 _aSerie de Autores de hoy
505 _aIntroducción: La agresividad humana: instintiva ( innata, natural, heredada) o adquirida (aprendida) -- El problema o las cuestión agraria en Colombia -- La violencia en Colombia -- Propuestas de solución para el problema de la violecia en Colombia
650 1 4 _aViolencia Sector agropecuario
_92933
650 2 4 _aTenencia de la tierra
_92934
942 _2ddc
_cBK